The leopard /

An Ethiopian boy finds his life endangered when he discovers that a disguised blacksmith, not a leopard, is responsible for a great many missing cattle in the area.

Bibliographic Details
Main Author: Bødker, Cecil
Format: Book
Language:English
Published: New York : Atheneum, 1975.
Edition:1st ed.
Subjects:

MARC

Tag First Indicator Second Indicator Subfields
LEADER 00000pam a2200000 a 4500
001 in00000097601
005 20150924085301.0
008 740909s1975 nyu j 00011 engm
010 |a  74019314  
020 |a 0689304447 (lib. bdg.) 
035 |a (OCoLC)01054307 
035 |9 AAK9225AM 
040 |a DLC  |c DLC  |d m.c.  |d TXA  |d UtOrBLW 
041 1 |a eng  |h dan 
049 |a [Curr Col] TXAM  |c [985922] 
050 0 0 |a PZ7 B635717  |b  Le3 
082 0 |a [Fic] 
100 1 |a Bødker, Cecil. 
240 1 0 |a Leoparden.  |l English 
245 1 4 |a The leopard /  |c Cecil Bodker ; translated by Gunnar Poulsen. 
250 |a 1st ed. 
264 1 |a New York :  |b Atheneum,  |c 1975. 
300 |a 186 pages ;  |c 24 cm. 
336 |a text  |b txt  |2 rdacontent 
337 |a unmediated  |b n  |2 rdamedia 
338 |a volume  |b nc  |2 rdacarrier 
500 |a Translation of: Leoparden. 
520 |a An Ethiopian boy finds his life endangered when he discovers that a disguised blacksmith, not a leopard, is responsible for a great many missing cattle in the area. 
651 1 |a Ethiopia  |x Fiction. 
999 |a MARS 
999 f f |s 1915649f-6363-38ee-b691-0f9283d5e44b  |i 6a296766-0415-33f4-9d11-0beb743405a0  |t 0 
952 f f |p ric  |a Texas A&M University  |b Rellis Campus  |c Joint Library Facility  |d Remote Storage  |t 0  |e PZ7 B635717 Le3  |h Library of Congress classification  |i unmediated -- volume  |m A14806040128 
998 f f |a PZ7 B635717 Le3  |t 0  |l Remote Storage